Fundamentals of Combustion Engineering (Record no. 591254)
[ view plain ]
| 000 -LEADER | |
|---|---|
| fixed length control field | 00423nam a22001457a 4500 |
| 020 ## - INTERNATIONAL STANDARD BOOK NUMBER | |
| International Standard Book Number | 9780367731540 |
| 040 ## - CATALOGING SOURCE | |
| Transcribing agency | NUST |
| 082 ## - DEWEY DECIMAL CLASSIFICATION NUMBER | |
| Classification number | 621.4023 MUK |
| 100 ## - MAIN ENTRY--PERSONAL NAME | |
| Personal name | Mukhopadhyay, Achintya |
| 9 (RLIN) | 98305 |
| 110 ## - MAIN ENTRY--CORPORATE NAME | |
| Corporate name or jurisdiction name as entry element | Sen, Swarnendu |
| 9 (RLIN) | 98306 |
| 245 ## - TITLE STATEMENT | |
| Title | Fundamentals of Combustion Engineering |
| 260 ## - PUBLICATION, DISTRIBUTION, ETC. | |
| Place of publication, distribution, etc. | New York: |
| Name of publisher, distributor, etc. | CRC Press, |
| Date of publication, distribution, etc. | 2019. |
| 650 ## - SUBJECT ADDED ENTRY--TOPICAL TERM | |
| Topical term or geographic name entry element | Fundamentals of Combustion Engineering.NUSTTB2022 |
| 9 (RLIN) | 102803 |
| 942 ## - ADDED ENTRY ELEMENTS (KOHA) | |
| Source of classification or shelving scheme | |
| Koha item type | Book |
| Withdrawn status | Lost status | Source of classification or shelving scheme | Damaged status | Not for loan | Permanent Location | Current Location | Shelving location | Date acquired | Total Checkouts | Full call number | Barcode | Date last seen | Price effective from | Koha item type |
|---|---|---|---|---|---|---|---|---|---|---|---|---|---|---|
| College of Electrical & Mechanical Engineering (CEME) | College of Electrical & Mechanical Engineering (CEME) | General Stacks | 08/22/2022 | 621.4023 MUK | CEME-50836 | 08/22/2022 | 08/22/2022 | Book | ||||||
| College of Electrical & Mechanical Engineering (CEME) | College of Electrical & Mechanical Engineering (CEME) | General Stacks | 10/11/2022 | 280 SCB | CEME-50836-A | 10/11/2022 | 10/11/2022 | Book |
